Γαργαντούας και Πανταγκρυέλ

Αποθηκεύτηκε σε:
Λεπτομέρειες βιβλιογραφικής εγγραφής
Κύριος συγγραφέας: Rabelais, Francois, approximately 1490-1553?
Άλλοι συγγραφείς: Δρακονταειδής, Φίλιππος Δ., 1940- (Συγγραφέας εισαγωγής κ.λπ., Μεταφραστής)
Μορφή: Βιβλίο
Γλώσσα:Greek
French
Δημοσίευση: Αθήνα : Γαλλικό Ινστιτούτο Αθηνών, 1994.
Σειρά:Institut francais d'Athenes (Greece)
Θέματα:
Ετικέτες: Προσθήκη ετικέτας
Δεν υπάρχουν, Καταχωρήστε ετικέτα πρώτοι!

MARC

LEADER 00000cam a2200000 i 4500
001 1/80649
008 960828s1994 gr | ||| |||| ||gre||
035 |a 1995  |b 1  |c Χριστοδουλίδου  |l 10033499 
040 |a GR-MY-UA  |b gre  |e aacr 
041 1 |a gre  |h fre 
082 7 |a 843.3   |2 (22) 
100 1 |a Rabelais, Francois,   |d approximately 1490-1553? 
245 1 0 |a Γαργαντούας και Πανταγκρυέλ /   |c Φρανσουά Ραμπελαί ; εισαγωγή, μετάφραση, σημειώσεις: Φ. Δ. Δρακονταειδής.  
260 |a Αθήνα :   |b Γαλλικό Ινστιτούτο Αθηνών,   |c 1994.  
300 |a 379 σ. ;   |c 24 εκ.  
490 1 |a (Institut francais d'Athenes) 
500 |a Τίτλος πρωτοτύπου: Gargantua et Pantagruel.  
600 1 0 |a Rabelais, Francois,   |d approximately 1490-1553?  |x Translations into english. 
650 0 0 |a Gargantua (Legendary character)  |x Fiction. 
650 0 0 |a Giants  |x Fiction. 
650 0 0 |a Fantasy fiction, Frence. 
650 0 0 |a French fiction. 
700 1 |a Δρακονταειδής, Φίλιππος Δ.,   |d 1940-  |e aui  |e trl 
830 0 |a Institut francais d'Athenes (Greece) 
852 |a INST  |b RHODES  |e 19960828  |h 843.3 RAB  |p 005400007316  |q 005400007316  |t BK  |y 0 
909 |a Ρ  |b 040450 
922 |a 4ΕΛΗ  |b 199504  |c ΧΡΙΣΤΟΔΟΥΛΙΔΟΥ 
970 |a ΧΟΡΟΖΙΔΟΥ  |b ΤΖΕΝΗ  |z 1999/12/02